| 000 | 00446nam a22001457a 4500 | ||
|---|---|---|---|
| 003 | MACL | ||
| 005 | 20190330154607.0 | ||
| 008 | 190330b xxu||||| |||| 00| 0 eng d | ||
| 040 | _cMACL | ||
| 100 |
_aवेदप्रकाश _974020 |
||
| 245 | _aउत्तरराम-कथा | ||
| 260 |
_aमेरठ _bभारतीय साहित्य प्रकाशन _c2016 |
||
| 650 |
_aकविता _974021 |
||
| 942 |
_2ddc _cHIN |
||
| 999 |
_c59172 _d59172 |
||